00688nam a2200181 i 4500001000300000100003500003245016400038260002100202700003200223700002300255040000800278041000800286942000700294008004100301999001700342856009800359952004900457bg1 aJasiński, Andrzejd(1948- ). 0aWykresy równowag elektrochemicznych niektórych pierwiastków rzadkich występujących w złożach miedzi /cA. Jasiński, J. Kowalczyk, M. Żakowicz. aWrocław,c1974.1 aKowalczyk, Jerzyc(chemik).1 aŻakowicz, Maria. cBPK apol cKS s pl f |000 0 pol  c15801d15801 uhttp://koha.tu.koszalin.pl/cgi-bin/koha/opac-detail.pl?biblionumber=15801yKatalog online BPK 00104070aBPKbBPKcwo19153p01704006yKS